[Event "Malmo op"]
[Site "Malmo"]
[Date "2024.12.13"]
[Round "2"]
[White "Eriksson, Johan"]
[Black "Karlsson, Robin"]
[Result "1-0"]
[WhiteElo "2377"]
[BlackElo "2007"]
[PlyCount "73"]
[EventDate "2024.12.13"]
[EventType "swiss"]
[EventRounds "8"]
[EventCountry "SWE"]
[SourceTitle "CB51_2024"]
[SourceDate "2024.12.18"]
[SourceVersion "1"]
[SourceVersionDate "2024.12.18"]
[SourceQuality "1"]

1. d4 Nf6 2. c4 g6 3. f3 Bg7 4. e4 d6 5. Nc3 0-0 6. Nge2 a6 7. Be3 Nc6 8. Qd2 Na5 9. Nf4 b5 10. h4 Nxc4 11. Bxc4 bxc4 12. 0-0-0 Bb7 13. Qf2 Nd7 14. e5 dxe5 15. dxe5 Bxe5 16. h5 g5 17. Nh3 h6 18. f4 Bxc3 19. bxc3 g4 20. f5 gxh3 21. Rxh3 e5 22. fxe6 fxe6 23. Qg3+ Kh8 24. Rxd7 Rf1+ 25. Kb2 Rb1+ 26. Kxb1 Be4+ 27. Kc1 Qxd7 28. Qe5+ Qg7 29. Qxe4 Qxc3+ 30. Kd1 Qa1+ 31. Ke2 Qb2+ 32. Kf3 Rf8+ 33. Kg3 e5 34. Kh2 c3 35. Qg6 Qb6 36. Qe4 Qd6 37. Rg3 1-0

[Event "Vaxjo op"]
[Site "Vaxjo"]
[Date "2015.02.15"]
[Round "7"]
[White "Karlsson, Robin"]
[Black "Ernst, Thomas"]
[Result "0-1"]
[WhiteElo "2012"]
[BlackElo "2369"]
[PlyCount "46"]
[EventDate "2015.02.13"]
[EventType "swiss"]
[EventRounds "8"]
[EventCountry "SWE"]
[SourceTitle "CBM 164 Extra"]
[Source "ChessBase"]
[SourceDate "2015.03.02"]
[SourceVersion "1"]
[SourceVersionDate "2015.03.02"]
[SourceQuality "1"]

1. c4 g6 2. Nf3 Bg7 3. Nc3 c5 4. g3 Nc6 5. Bg2 e5 6. 0-0 d6 7. a3 a5 8. Ne1 Be6 9. d3 Nge7 10. Nc2 d5 11. cxd5 Nxd5 12. Ne3 Nde7 13. Qa4 0-0 14. Nc4 Rb8 15. Bg5 f6 16. Be3 Nd4 17. Nxa5 Bd7 18. Qc4+ Be6 19. Qa4 b5 20. Nxb5 Rxb5 21. Nb7 Qd7 22. Bxd4 cxd4 23. Qa6 Rb8 0-1

[Event "Vaxjo op"]
[Site "Vaxjo"]
[Date "2015.02.13"]
[Round "4"]
[White "Drugge, Patrick"]
[Black "Karlsson, Robin"]
[Result "1-0"]
[WhiteElo "2207"]
[BlackElo "2012"]
[PlyCount "79"]
[EventDate "2015.02.13"]
[EventType "swiss"]
[EventRounds "8"]
[EventCountry "SWE"]
[SourceTitle "CBM 164 Extra"]
[Source "ChessBase"]
[SourceDate "2015.03.02"]
[SourceVersion "1"]
[SourceVersionDate "2015.03.02"]
[SourceQuality "1"]

1. e4 c5 2. Nc3 Nc6 3. g3 g6 4. Bg2 Bg7 5. d3 d6 6. f4 e5 7. Nf3 Nge7 8. 0-0 0-0 9. Be3 Nd4 10. Qd2 Nec6 11. Rae1 f6 12. h3 Be6 13. a3 Rb8 14. Nd5 b5 15. c3 Nb3 16. Qc2 Bxd5 17. exd5 Nca5 18. fxe5 dxe5 19. Nd2 c4 20. Bxa7 Rb7 21. Be3 Rd7 22. dxc4 bxc4 23. Nxc4 Nxc4 24. Qxb3 Nxe3 25. Rxe3 Rff7 26. g4 Rb7 27. Qc2 Qb6 28. Qf2 Qxb2 29. Qxb2 Rxb2 30. c4 Bf8 31. Rd3 Bc5+ 32. Kh1 Kg7 33. Rc1 Ra7 34. Rcc3 Rb1+ 35. Kh2 Bd6 36. c5 e4+ 37. cxd6 exd3 38. Rc7+ Rxc7 39. dxc7 Rc1 40. d6 1-0

[Event "Copenhagen Challenge"]
[Site "Ballerup"]
[Date "2014.05.18"]
[Round "8"]
[White "Karlsson, Robin"]
[Black "Lauritsen, Martin Lee"]
[Result "1-0"]
[WhiteElo "2008"]
[BlackElo "2141"]
[PlyCount "121"]
[EventDate "2014.05.14"]
[EventType "swiss"]
[EventRounds "9"]
[EventCountry "DEN"]
[SourceTitle "CBM 160 Extra"]
[Source "ChessBase"]
[SourceDate "2014.07.01"]
[SourceVersion "1"]
[SourceVersionDate "2014.07.01"]
[SourceQuality "1"]

1. d4 Nf6 2. c4 c5 3. d5 b5 4. cxb5 a6 5. bxa6 g6 6. Nc3 Bxa6 7. e4 Bxf1 8. Kxf1 d6 9. Nf3 Bg7 10. g3 Nbd7 11. Kg2 0-0 12. a4 Qa5 13. Bd2 Qb6 14. h3 Rfb8 15. Qe2 Ne8 16. Rhb1 Nc7 17. Bg5 Kf8 18. Qd2 Ne5 19. Bh6 Nc4 20. Bxg7+ Kxg7 21. Qe2 Qb3 22. Nd2 Nxd2 23. Qxd2 Rb4 24. Ra3 Qc4 25. b3 Qa6 26. Qb2 Kg8 27. Qc2 Rab8 28. Na2 Rd4 29. b4 Qa7 30. bxc5 Rxb1 31. Qxb1 Qxc5 32. Qb8+ Kg7 33. Rc3 Rc4 34. Qb2 Qd4 35. Qc2 Rxc3 36. Qxc3 Qxc3 37. Nxc3 f5 38. Kf3 Kf6 39. exf5 Kxf5 40. Ke3 g5 41. Kd4 h6 42. Nb5 Na6 43. a5 Nc5 44. Kc4 Na6 45. f3 h5 46. Nd4+ Ke5 47. Nc6+ Kf6 48. Nb4 Nc7 49. a6 e6 50. dxe6 Kxe6 51. a7 Ke5 52. Na6 Na8 53. Kb5 d5 54. Kc6 d4 55. Nb4 h4 56. gxh4 gxh4 57. Kb7 Kf4 58. Kxa8 Kxf3 59. Kb8 Kg3 60. a8Q Kxh3 61. Qh1+ 1-0

[Event "Copenhagen Challenge"]
[Site "Ballerup"]
[Date "2014.05.18"]
[Round "9"]
[White "Nordenbaek, Jan"]
[Black "Karlsson, Robin"]
[Result "1/2-1/2"]
[WhiteElo "2248"]
[BlackElo "2008"]
[PlyCount "57"]
[EventDate "2014.05.14"]
[EventType "swiss"]
[EventRounds "9"]
[EventCountry "DEN"]
[SourceTitle "CBM 160 Extra"]
[Source "ChessBase"]
[SourceDate "2014.07.01"]
[SourceVersion "1"]
[SourceVersionDate "2014.07.01"]
[SourceQuality "1"]

1. e4 c5 2. Nf3 Nc6 3. Bb5 g6 4. Bxc6 dxc6 5. h3 Bg7 6. 0-0 Nf6 7. d3 Qc7 8. a4 a5 9. Na3 0-0 10. Be3 b6 11. c3 Rd8 12. Qc2 Ba6 13. Rfd1 e5 14. Rac1 Re8 15. b3 h6 16. d4 exd4 17. cxd4 Nxe4 18. dxc5 bxc5 19. Nc4 Nc3 20. Rd3 Bxc4 21. bxc4 Ne4 22. Nd2 Rab8 23. Nxe4 Rb2 24. Qd1 Rxe4 25. Rd8+ Bf8 26. Bxc5 Re1+ 27. Qxe1 Qxd8 28. Bxf8 Kxf8 29. Rd1 1/2-1/2

[Event "Copenhagen Challenge"]
[Site "Ballerup"]
[Date "2014.05.17"]
[Round "7"]
[White "Kistrup, Nicolai"]
[Black "Karlsson, Robin"]
[Result "0-1"]
[WhiteElo "1721"]
[BlackElo "2008"]
[PlyCount "78"]
[EventDate "2014.05.14"]
[EventType "swiss"]
[EventRounds "9"]
[EventCountry "DEN"]
[SourceTitle "CBM 160 Extra"]
[Source "ChessBase"]
[SourceDate "2014.07.01"]
[SourceVersion "1"]
[SourceVersionDate "2014.07.01"]
[SourceQuality "1"]

1. d4 Nf6 2. Nf3 g6 3. c4 Bg7 4. Nc3 d6 5. Bg5 0-0 6. e3 h6 7. Bh4 c5 8. Be2 a6 9. 0-0 Bf5 10. Qd2 Nbd7 11. a3 g5 12. Bg3 Nh5 13. b4 Nxg3 14. hxg3 Rc8 15. Rac1 Bg6 16. Rfd1 Nf6 17. bxc5 dxc5 18. Qb2 Qc7 19. Ne5 cxd4 20. exd4 Bh7 21. Bf3 b6 22. Nd5 Nxd5 23. cxd5 Qd6 24. Rc6 Rxc6 25. dxc6 b5 26. Qb3 Bxe5 27. dxe5 Qxe5 28. Rd7 Bf5 29. Ra7 g4 30. Bd1 Rd8 31. Bc2 Bxc2 32. Qxc2 Qe1+ 33. Kh2 Rd5 34. Ra8+ Kg7 35. Qb2+ f6 36. Rg8+ Kxg8 37. Qa2 e6 38. Qxd5 exd5 39. c7 Qc3 0-1

[Event "Copenhagen Challenge"]
[Site "Ballerup"]
[Date "2013.04.28"]
[Round "9"]
[White "Andersen, Troels Baekgaard"]
[Black "Karlsson, Robin"]
[Result "1-0"]
[WhiteElo "1837"]
[BlackElo "1947"]
[PlyCount "87"]
[EventDate "2013.04.24"]
[EventType "swiss"]
[EventRounds "9"]
[EventCountry "DEN"]
[SourceTitle "CBM 154 Extra"]
[Source "ChessBase"]
[SourceDate "2013.06.25"]
[SourceVersion "2"]
[SourceVersionDate "2013.06.25"]
[SourceQuality "1"]

1. d4 Nf6 2. c4 g6 3. Nc3 Bg7 4. g3 0-0 5. Bg2 d6 6. Nf3 Nc6 7. 0-0 a6 8. e4 Bg4 9. h3 Bxf3 10. Bxf3 Nd7 11. Be3 Na5 12. Be2 c5 13. Rc1 Nc6 14. dxc5 Nxc5 15. f3 Qa5 16. a3 Ne6 17. f4 Bd4 18. Bxd4 Nexd4 19. Nd5 e6 20. Ne7+ Nxe7 21. Qxd4 Nc6 22. Qe3 Qc5 23. Kf2 a5 24. Rfd1 Rfd8 25. Rc2 e5 26. Qxc5 dxc5 27. Rd5 Nd4 28. Rc3 Rxd5 29. cxd5 exf4 30. gxf4 b6 31. h4 Re8 32. e5 h5 33. Bd3 Kf8 34. b4 Rd8 35. bxc5 Rxd5 36. cxb6 Nb5 37. b7 Nxc3 38. b8Q+ Kg7 39. Ba6 Nd1+ 40. Kf3 Rd2 41. Qb6 a4 42. Qf6+ Kg8 43. Bc4 Rd7 44. e6 1-0

[Event "Reykjavik op"]
[Site "Reykjavik"]
[Date "2013.02.27"]
[Round "10"]
[White "Karlsson, Robin"]
[Black "Bergsson, Stefan"]
[Result "0-1"]
[WhiteElo "1980"]
[BlackElo "2180"]
[PlyCount "60"]
[EventDate "2013.02.19"]
[EventType "swiss"]
[EventRounds "10"]
[EventCountry "ISL"]
[SourceTitle "CBM 153 Extra"]
[Source "ChessBase"]
[SourceDate "2013.04.22"]
[SourceVersion "1"]
[SourceVersionDate "2013.04.22"]
[SourceQuality "1"]

1. d4 f5 2. c4 Nf6 3. Nc3 e6 4. Nf3 Be7 5. g3 0-0 6. Bg2 d6 7. 0-0 a5 8. Qc2 Nc6 9. a3 e5 10. d5 Nb8 11. e4 Nxe4 12. Nxe4 fxe4 13. Qxe4 Bf5 14. Qe2 Nd7 15. Nd2 Qe8 16. Ne4 Qg6 17. Bd2 a4 18. Rfe1 Rae8 19. Bf3 Nf6 20. Rac1 b6 21. Be3 Ng4 22. Bd2 Qh5 23. h4 Bxh4 24. gxh4 Qxh4 25. Bxg4 Bxg4 26. Qf1 Bf3 27. Ng3 Rf5 28. Rc3 Rh5 29. Qg2 Bxg2 30. Nxh5 Qh1# 0-1

[Event "Reykjavik op"]
[Site "Reykjavik"]
[Date "2013.02.23"]
[Round "6"]
[White "Karlsson, Robin"]
[Black "Seim, Fredrik"]
[Result "1-0"]
[WhiteElo "1980"]
[BlackElo "1714"]
[PlyCount "101"]
[EventDate "2013.02.19"]
[EventType "swiss"]
[EventRounds "10"]
[EventCountry "ISL"]
[SourceTitle "CBM 153 Extra"]
[Source "ChessBase"]
[SourceDate "2013.04.22"]
[SourceVersion "1"]
[SourceVersionDate "2013.04.22"]
[SourceQuality "1"]

1. d4 e6 2. c4 f5 3. g3 d5 4. Bg2 c6 5. Nf3 Bd6 6. 0-0 Nf6 7. b3 0-0 8. Ba3 Bxa3 9. Nxa3 Qe7 10. Nc2 Nbd7 11. Nce1 Nb6 12. Qc2 a5 13. a4 Nbd7 14. Nd3 Ne4 15. Nfe5 Ndf6 16. f3 Nd6 17. Rae1 Bd7 18. c5 Nf7 19. Nxf7 Qxf7 20. e4 fxe4 21. fxe4 Qg6 22. Ne5 Qh6 23. Rf4 Be8 24. Bh3 Nxe4 25. Rxf8+ Kxf8 26. Bg2 Nf6 27. Qf2 Kg8 28. Rf1 Bg6 29. h3 Rf8 30. Qe1 Be4 31. Rf4 Bxg2 32. Kxg2 g5 33. Rf3 Ne4 34. Qxa5 Rxf3 35. Nxf3 Qf8 36. Qc7 h5 37. g4 hxg4 38. hxg4 Qg7 39. Qc8+ Kh7 40. Qxe6 Qc7 41. Ne5 Qg7 42. Nf3 Qc7 43. Ne5 Qg7 44. b4 Nc3 45. Qf5+ Kg8 46. Nf3 Ne4 47. b5 Qc7 48. Ne5 Qg7 49. bxc6 bxc6 50. Qc8+ Kh7 51. Qxc6 1-0

[Event "Reykjavik op"]
[Site "Reykjavik"]
[Date "2013.02.22"]
[Round "5"]
[White "Schou Moldt, Thomas"]
[Black "Karlsson, Robin"]
[Result "1-0"]
[WhiteElo "2236"]
[BlackElo "1980"]
[PlyCount "43"]
[EventDate "2013.02.19"]
[EventType "swiss"]
[EventRounds "10"]
[EventCountry "ISL"]
[SourceTitle "CBM 153 Extra"]
[Source "ChessBase"]
[SourceDate "2013.04.22"]
[SourceVersion "1"]
[SourceVersionDate "2013.04.22"]
[SourceQuality "1"]

1. d4 Nf6 2. Nf3 g6 3. g3 Bg7 4. Bg2 0-0 5. c4 d6 6. Nc3 Nc6 7. 0-0 a6 8. h3 Rb8 9. e4 b5 10. cxb5 axb5 11. d5 Na5 12. b4 Nc4 13. Nd4 Bd7 14. a4 bxa4 15. b5 e6 16. Rxa4 Nb6 17. Rb4 exd5 18. exd5 Nfxd5 19. Bxd5 Nxd5 20. Nxd5 c5 21. bxc6 Rxb4 22. Nxb4 1-0

[Event "Reykjavik op"]
[Site "Reykjavik"]
[Date "2013.02.21"]
[Round "4"]
[White "Karlsson, Robin"]
[Black "Handler, Lukas"]
[Result "0-1"]
[WhiteElo "1980"]
[BlackElo "2369"]
[PlyCount "128"]
[EventDate "2013.02.19"]
[EventType "swiss"]
[EventRounds "10"]
[EventCountry "ISL"]
[SourceTitle "CBM 153 Extra"]
[Source "ChessBase"]
[SourceDate "2013.04.22"]
[SourceVersion "1"]
[SourceVersionDate "2013.04.22"]
[SourceQuality "1"]

1. d4 Nf6 2. c4 e6 3. g3 d5 4. Nf3 Bb4+ 5. Bd2 Be7 6. Bg2 0-0 7. 0-0 c6 8. Qc2 b6 9. Bf4 Nbd7 10. Nc3 Ba6 11. Nd2 Nh5 12. Qa4 Bxc4 13. Qxc6 Nxf4 14. gxf4 b5 15. Nxc4 bxc4 16. Qa4 Nb6 17. Qc2 f5 18. e3 Kh8 19. Kh1 Nc8 20. Rg1 Nd6 21. Nb1 Rb8 22. Nd2 Qa5 23. Nf3 Nf7 24. Bf1 Rb4 25. Nd2 Rfb8 26. Qc3 Bh4 27. Rg2 Nd6 28. Be2 Ra4 29. Nb1 Qxc3 30. Nxc3 Rab4 31. Nd1 a5 32. f3 Be1 33. Bf1 a4 34. Re2 Bh4 35. a3 Rb3 36. Rc1 Bd8 37. Rec2 Ba5 38. Be2 Kg8 39. Bf1 Kf7 40. h4 Bd8 41. Rh2 Ba5 42. Rhc2 Kf6 43. Kh2 Nb5 44. Kg3 g6 45. Rh2 c3 46. Rhc2 cxb2 47. Rxb2 Nxa3 48. Ra1 Rxb2 49. Nxb2 Rxb2 50. Rxa3 Be1+ 51. Kh3 Rb4 52. Be2 Bd2 53. Bd1 Bc1 54. Rc3 Bb2 55. Rc7 a3 56. Ra7 Bc1 57. Ba4 Rb8 58. e4 fxe4 59. fxe4 dxe4 60. Kg4 h5+ 61. Kg3 Rd8 62. Bc6 Rxd4 63. Be8 Rd3+ 64. Kg2 Bxf4 0-1

[Event "Politiken Cup 34th"]
[Site "Helsingor"]
[Date "2012.08.04"]
[Round "9"]
[White "Karlsson, Robin"]
[Black "Haugsdal, Arn Tore"]
[Result "0-1"]
[WhiteElo "1978"]
[BlackElo "2068"]
[PlyCount "76"]
[EventDate "2012.07.28"]
[EventType "swiss"]
[EventRounds "10"]
[EventCountry "DEN"]
[SourceTitle "CBM 149 Extra"]
[Source "ChessBase"]
[SourceDate "2012.08.24"]
[SourceVersion "1"]
[SourceVersionDate "2012.08.24"]
[SourceQuality "1"]

1. d4 Nf6 2. c4 e5 3. dxe5 Ng4 4. Nf3 Bc5 5. e3 Nc6 6. Be2 0-0 7. 0-0 Re8 8. Nbd2 Bxe3 9. fxe3 Nxe3 10. Qb3 Nxf1 11. Nxf1 Nxe5 12. Bf4 d6 13. Nxe5 dxe5 14. Rd1 Qh4 15. Bg3 Qg5 16. Qe3 h6 17. Rd5 f6 18. Qc5 c6 19. Rd1 Bg4 20. Bxg4 Qxg4 21. Ne3 Qe2 22. Qa3 Rad8 23. Re1 Qd2 24. Rd1 Qe2 25. Re1 Qh5 26. Qxa7 Qf7 27. Qc5 Rd2 28. Qb4 Red8 29. Nf1 R2d3 30. Ne3 R8d4 31. Qa4 Re4 32. Bf2 Qd7 33. Qc2 Qd4 34. h3 Rd2 35. Qb3 Rxb2 36. Qa3 Rxf2 37. Kxf2 Qd2+ 38. Kf3 Rf4+ 0-1

[Event "Politiken Cup 34th"]
[Site "Helsingor"]
[Date "2012.08.02"]
[Round "7"]
[White "Karlsson, Robin"]
[Black "Marttala, Thomas"]
[Result "0-1"]
[WhiteElo "1978"]
[BlackElo "2193"]
[PlyCount "70"]
[EventDate "2012.07.28"]
[EventType "swiss"]
[EventRounds "10"]
[EventCountry "DEN"]
[SourceTitle "CBM 149 Extra"]
[Source "ChessBase"]
[SourceDate "2012.08.24"]
[SourceVersion "1"]
[SourceVersionDate "2012.08.24"]
[SourceQuality "1"]

1. d4 e6 2. c4 Bb4+ 3. Bd2 Qe7 4. Nf3 f5 5. g3 b6 6. Bg2 Bb7 7. 0-0 Bxd2 8. Qxd2 Nf6 9. Nc3 0-0 10. d5 Na6 11. Ng5 Qb4 12. dxe6 Bxg2 13. Kxg2 h6 14. Nd5 Qd6 15. e7 Rfe8 16. Nf3 Ne4 17. Qc2 c6 18. Ne3 Qf6 19. a3 Rxe7 20. b4 Nc7 21. Rfd1 Rae8 22. Nd4 g6 23. Qa4 a6 24. Qb3 Kh7 25. Nf3 Kg7 26. Rac1 h5 27. Nd2 Nxf2 28. Kxf2 f4 29. Nf3 Rxe3 30. Rxd7+ Kh6 31. Qd1 Rxe2+ 32. Kg1 fxg3 33. Qd3 R8e3 34. Rd6 Qf7 35. Qd4 gxh2+ 0-1

[Event "Politiken Cup 34th"]
[Site "Helsingor"]
[Date "2012.07.29"]
[Round "2"]
[White "Bjerke, Richard"]
[Black "Karlsson, Robin"]
[Result "0-1"]
[WhiteElo "2162"]
[BlackElo "1978"]
[PlyCount "80"]
[EventDate "2012.07.28"]
[EventType "swiss"]
[EventRounds "10"]
[EventCountry "DEN"]
[SourceTitle "CBM 149 Extra"]
[Source "ChessBase"]
[SourceDate "2012.08.24"]
[SourceVersion "1"]
[SourceVersionDate "2012.08.24"]
[SourceQuality "1"]

1. d4 Nf6 2. c4 g6 3. Nc3 Bg7 4. e4 d6 5. f3 0-0 6. Nge2 Nc6 7. Be3 a6 8. Qd2 Rb8 9. Rc1 Bd7 10. Nd1 b5 11. cxb5 axb5 12. g3 e6 13. Bg2 Qc8 14. 0-0 b4 15. b3 Qa6 16. Nf2 Rfc8 17. Rc2 Na7 18. Rfc1 Bb5 19. Nf4 e5 20. dxe5 dxe5 21. Nd5 Nxd5 22. exd5 Be8 23. Rxc7 Rxc7 24. Rxc7 Nb5 25. Bf1 Qd6 26. Rc5 Nd4 27. Bxd4 exd4 28. Ne4 Qd8 29. d6 f5 30. Bc4+ Kh8 31. Ng5 Qxd6 32. Rd5 Qe7 33. Qf4 Qe1+ 34. Kg2 Ra8 35. Qh4 h6 36. Nf7+ Bxf7 37. Rd8+ Rxd8 38. Qxd8+ Qe8 39. Qxe8+ Bxe8 40. Kf2 Bc6 0-1

[Event "Deltalift op"]
[Site "Tylosand"]
[Date "2012.05.17"]
[Round "3"]
[White "Madebrink, Lars"]
[Black "Karlsson, Robin"]
[Result "1-0"]
[WhiteElo "2245"]
[BlackElo "1989"]
[PlyCount "63"]
[EventDate "2012.05.17"]
[EventType "swiss"]
[EventRounds "8"]
[EventCountry "SWE"]
[SourceTitle "CBM 148 Extra"]
[Source "ChessBase"]
[SourceDate "2012.06.22"]
[SourceVersion "1"]
[SourceVersionDate "2012.06.22"]
[SourceQuality "1"]

1. d4 Nf6 2. Nf3 g6 3. g3 Bg7 4. Bg2 d6 5. 0-0 0-0 6. c4 Nc6 7. Nc3 Rb8 8. h3 a6 9. e4 b5 10. cxb5 axb5 11. d5 Na5 12. Nd4 Bd7 13. a3 c5 14. dxc6 Nxc6 15. Nxc6 Bxc6 16. e5 Bxg2 17. exf6 Bxf1 18. fxg7 Kxg7 19. Kxf1 Qd7 20. Kg2 b4 21. axb4 Rxb4 22. Nd5 Qb7 23. Kh2 Rb5 24. Nc3 Rb4 25. Be3 Ra8 26. Rxa8 Qxa8 27. Nd5 Ra4 28. Nxe7 Ra1 29. Qd4+ f6 30. Nd5 Qf8 31. b4 Rb1 32. Bg5 1-0